=LDR 00000nam 2200000 4500 =001 INLIS000000000040184 =005 20130612145748 =008 ***********************************Ind** =035 ##$$0010-061300000040184 =041 ##$$a Ind =082 ##$$a 813 =090 ##$$a 813, Car b.2 =100 ##$$a Liz Carlyle =245 ##$$a Beauty like the night, Seelok kelam malam, Liz Carlyle =260 ##$$a Oak Tree $b Jakarta =300 ##$$a 572 hlm, 18 cm =700 ##$$a Kania Dewi =850 ##$$a NBPNMAT